F1 Race Results 2022: Singapore - Statistics

General Stats
  • This quiz has been taken 59 times
  • The average score is 14 of 20
Answer Stats
Pos. Answer % Correct
1 Sergio Perez
100%
2 Charles Leclerc
96%
3 Carlos Sainz
89%
7 Max Verstappen
81%
4 Lando Norris
77%
9 Lewis Hamilton
77%
5 Daniel Ricciardo
72%
6 Lance Stroll
72%
14 George Russell
68%
13 Mick Schumacher
68%
DNF Nicholas Latifi
68%
8 Sebastian Vettel
68%
DNF Fernando Alonso
66%
12 Kevin Magnussen
66%
DNF Esteban Ocon
64%
10 Pierre Gasly
64%
11 Valtteri Bottas
64%
DNF Alexander Albon
62%
DNF Yuki Tsunoda
62%
DNF Zhou Guanyu
62%
No matching quizzes found
Score Distribution
Percent of People with Each Score
Percentile by Number Answered
Your Score History
You have not taken this quiz